| Tag |
First Indicator |
Second Indicator |
Subfields |
| LEADER |
00000cam a2200000 a 4500 |
| 001 |
in00000035226 |
| 005 |
20151007055332.0 |
| 007 |
he bmb||||||| |
| 008 |
880229r19871987orua bb 00010 eng d |
| 035 |
|
|
|a (OCoLC)17554218
|
| 035 |
|
|
|9 AAB7932AM
|
| 040 |
|
|
|a ORU
|c OSU
|d OSU
|d HPE
|d TXA
|d UtOrBLW
|
| 049 |
|
|
|a TXAI
|
| 099 |
|
|
|a fiche
|a C
|a 10450
|
| 100 |
1 |
|
|a Brock, Barbara J.
|q (Barbara Jean),
|d 1954-
|
| 245 |
1 |
0 |
|a Effect of therapeutic horseback riding on physically disabled adults /
|c by Barbara J. Brock.
|
| 264 |
|
1 |
|a [Place of publication not identified] :
|b [publisher not identified] ;
|c 1987.
|
| 300 |
|
|
|a vii, 108 leaves :
|b illustrations
|
| 336 |
|
|
|a text
|b txt
|2 rdacontent
|
| 337 |
|
|
|a microform
|b h
|2 rdamedia
|
| 338 |
|
|
|a microfiche
|b he
|2 rdacarrier
|
| 502 |
|
|
|b Re. D.
|c Indiana University
|d 1987.
|
| 500 |
|
|
|a Vita.
|
| 504 |
|
|
|a Bibliography: leaves 99-106.
|
| 533 |
|
|
|a Microfiche.
|b Eugene :
|c Microform Publications, College of Human Development and Performance, University of Oregon,
|d 1987.
|e 2 microfiches : negative ; 11 x 15 cm.
|
| 500 |
|
|
|a Microform.
|
| 650 |
|
0 |
|a Horsemanship
|x Therapeutic use.
|
| 650 |
|
0 |
|a Self-perception.
|
| 650 |
|
0 |
|a Horsemanship for people with disabilities.
|
| 650 |
|
0 |
|a People with disabilities
|x Psychology.
|
| 999 |
|
|
|a MARS
|
| 999 |
f |
f |
|s 2f68092f-6a5d-34f9-93b1-0ce929b43afa
|i 22fd7c06-ff97-341b-a4a7-5e6fc5764d5b
|t 0
|
| 952 |
f |
f |
|p normal
|a Texas A&M University
|b College Station
|c Sterling C. Evans Library
|d Evans: Microforms (3rd floor)
|t 0
|e fiche C 10450
|h Other scheme
|i microform -- microfiche
|m A14821962963
|
| 998 |
f |
f |
|a fiche C 10450
|t 0
|l Evans: Microforms (3rd floor)
|